00766nam a22001937a 450000500170000000800410001702000180005804100080007604400070008408200220009124501180011326001440023130000240037549000450039965000370044470000280048170000310050970000320054020130813104055.0 s2012 ck 000 spa d a9789587382990 aspa ack a333.7209861bL84c 0aConflictos ambientales en Colombia : retos y perspectivas desde el enfoque de DDHH y la participación ciudadana aBogotábEditorial Universidad del Rosario. Facultad de Jurisprudencia.bMinisterio de Ambiente y Desarrollo Sostenible. Colombia.c2012 axv., 121 p.c24 cm. aColección de textos de jurisprudencia.6 aConflictos ambientaleszColombia aLondoño-Toro, Beatriz aGüiza-Suárez, Leonardo aMuñoz-Avila, Lina Marcela